000 00447nam a2200181 a 4500
001 1760612384033
003 ACL
005 20251016163316.0
008 251016s2009##################000#0#eng##
020 _a9781598699272
082 0 4 _a658.4092
_bRYE
100 1 _aRye, David,
_eauthor.
245 1 0 _aStop Managing and Lead :
260 _bAdams Media,
_c2009.
650 0 _aBusiness & Economics.
942 _cENGLISH
040 _aACL
_beng
_cACL
999 _c591986
_d591986